| 000 | 01121nam a2200277 a 4500 | ||
|---|---|---|---|
| 001 | BRCA_2641 | ||
| 005 | 20190320203914.0 | ||
| 008 | 141112s2005----sp-a######---#000-0#spa-u | ||
| 020 | _a8489895155 | ||
| 041 | _aspa | ||
| 044 | _asp | ||
| 050 | 4 |
_aNA6403.S4 _b.R63 2005 |
|
| 100 | 1 |
_aRodríguez Gordillo, José Manuel _97512 |
|
| 245 | 1 | 0 |
_aHistoria de la Real Fábrica de Tabacos de Sevilla _bsede actual de la Universidad de Sevilla _cJosé Manuel Rodríguez Gordillo ; con la colaboración de Sergio Rojas-Marcos Rodríguez de Quesada. |
| 260 |
_aEspaña _bFundación Focus-Abengoa _c[2005] |
||
| 300 |
_a253 p. _bil. (algunas a color) _c32 cm. |
||
| 500 | _aIncluye léxico tabaquero e índice de fotografías | ||
| 500 | _aColección Sonia Corcuera de Mancera | ||
| 504 | _aBibliografía: p. 241-244 | ||
| 610 | 2 | 4 |
_aReal Fábrica de Tabacos de Sevilla _xHistoria _zSevilla (España) _97513 |
| 650 | 1 | 4 |
_aIndustrias tabaqueras _xHistoria _zSevilla (España) _97514 |
| 651 | 4 |
_aSevilla (España) _xHistoria _97515 |
|
| 700 | 1 |
_aRojas-Marcos Rodríguez de Quesada, Sergio _97516 |
|
| 902 | _aDSC | ||
| 942 |
_2lcc _cB |
||
| 999 |
_c2381 _d2381 |
||